000 00995na a2200313 4500
001 13586
003 MIRAKIL
005 20181213154833.0
008 161005b tu 000 0
020 _a9751800382
035 _a13586
040 _aMilas
_btur
_cTR-AnCHP
041 _atur
082 _a956.211
_bA72i 2003
090 _a956.211 A72i 2003
100 _aAtay, Çınar
245 _aKapanan kapılar
_b(İzmir hanları)
_cÇınar Atay
246 _aİzmir hanları
260 _aİzmir
_bİzmir Büyükşehir Belediyesi Kültür Yayını
_c2003
300 _axi, 463 s.
_bfotg. ; hrt.
_c29 sm.
490 _aİzmir Büyükşehir Belediyesi Kent Kitaplığı dizisi
_v44
650 _aKervansaraylar
_xTarih
_zTürkiye
_zİzmir
650 _aMimarlık
_zTürkiye
_zİzmir
650 _aHanlar
_xTarih
_zTürkiye
_zİzmir
651 _aİzmir
_xSosyal tarih
651 _aEge bölgesi
_xSosyal tarih
_zTürkiye
651 _aİzmir
_xYapılar, binalar
_yTarih
942 _2ddc
_cBKS
999 _c1763
_d1763